000 00299 a2200109 4500
001 150471
040 _cEscola São Tomás de Aquino
240 1 0 _aHistórias do vovô
_lpor
245 1 0 _aHistórias do vovô
697 _aCaricaturas, desenho animado, cômico, fotonovelas / Quadrinhos
942 _cBK
999 _c150471
_d150471